| 000 | 00547ntaaa2200205 4500 | ||
|---|---|---|---|
| 003 | 01 | ||
| 005 | 20251027200922.0 | ||
| 008 | 0714s1973 ag 01 | ||
| 040 |
_aAR-BaBN _bspa _cAR-BaBN _eaacr _dRIC |
||
| 082 | _a236 H18 | ||
| 100 |
_aHamilton, Gavin _95705 |
||
| 245 |
_aGlorias del reino venidero, Las / _cGavin Hamilton |
||
| 250 | _a1 ed. | ||
| 260 |
_aTarrasa : _bEditorial CLIE, _c1969 |
||
| 300 | _a161 p. | ||
| 500 | _aEnfoca temas relacionados con el futuro | ||
| 650 |
_asegunda venida _94088 |
||
| 650 | _aresurreccion | ||
| 942 | _cBK | ||
| 999 |
_c3162 _d3162 |
||